Report Of The Finance Committee On The Terms Of Receivables-Backed Trade Finance Facility Between Ghana Cocoa Board (COCOBOD) And A Consortium Of Banks And Financial Institutions, With The Government Of The Republic Of Ghana As Guarantor, For An Amount Of Up To One Billion, Three Hundred Million United States Dollars(US$1,300,000,000.00) For The Purchase Of Cocoa In Ghana For The Year 2018/2019 Crop Season (Record no. 1131)

MARC details
000 -LEADER
fixed length control field 00861nam a2200181Ia 4500
003 - CONTROL NUMBER IDENTIFIER
control field OSt
005 - DATE AND TIME OF LATEST TRANSACTION
control field 20250221104051.0
008 - FIXED-LENGTH DATA ELEMENTS--GENERAL INFORMATION
fixed length control field 240428s9999||||xx |||||||||||||| ||und||
041 ## - LANGUAGE CODE
Language code of text/sound track or separate title eng
082 ## - DEWEY DECIMAL CLASSIFICATION NUMBER
Classification number BE/TRBT/18
110 ## - MAIN ENTRY--CORPORATE NAME
Corporate name or jurisdiction name as entry element Finance Committee
245 #0 - TITLE STATEMENT
Title Report Of The Finance Committee On The Terms Of Receivables-Backed Trade Finance Facility Between Ghana Cocoa Board (COCOBOD) And A Consortium Of Banks And Financial Institutions, With The Government Of The Republic Of Ghana As Guarantor, For An Amount Of Up To One Billion, Three Hundred Million United States Dollars(US$1,300,000,000.00) For The Purchase Of Cocoa In Ghana For The Year 2018/2019 Crop Season
260 ## - PUBLICATION, DISTRIBUTION, ETC.
Name of publisher, distributor, etc. Parliament Of Ghana
Date of publication, distribution, etc. 2018
Place of publication, distribution, etc. Accra
300 ## - PHYSICAL DESCRIPTION
Extent 9p; tabs
650 ## - SUBJECT ADDED ENTRY--TOPICAL TERM
Topical term or geographic name entry element Purchase Of Cocoa In Ghana For The Year 2018/2019 Crop Season
942 ## - ADDED ENTRY ELEMENTS (KOHA)
Koha item type Reports
Source of classification or shelving scheme Dewey Decimal Classification
Suppress in OPAC No
Holdings
Withdrawn status Lost status Damaged status Not for loan Home library Current library Shelving location Date acquired Total checkouts Full call number Date last seen Copy number Price effective from Koha item type
        Main Library Main Library Open Shelves 08/06/2022   BE/TRBT/18/767 C1 - BE/TRBT/18/768 C2 29/04/2024 1 29/04/2024 E-resources & Electronic Documnets
©2026  Parliament of Ghana Library - All rights reserved